Welcome to CU Library Online Public Access Catalogue (OPAC)

Contemporary Issues in Human Resource Management (Record no. 2696)

MARC details
000 -LEADER
fixed length control field 00544nam a22001697a 4500
005 - DATE AND TIME OF LATEST TRANSACTION
control field 20250120090651.0
008 - FIXED-LENGTH DATA ELEMENTS--GENERAL INFORMATION
fixed length control field 250120b |||||||| |||| 00| 0 eng d
020 ## - INTERNATIONAL STANDARD BOOK NUMBER
International Standard Book Number 9781843980582
050 ## - LIBRARY OF CONGRESS CALL NUMBER
Classification number HF5549
Item number .T21 TAY
100 ## - MAIN ENTRY--PERSONAL NAME
Personal name Taylor Stephen
245 ## - TITLE STATEMENT
Title Contemporary Issues in Human Resource Management
Statement of responsibility, etc. Stephen Taylor
260 ## - PUBLICATION, DISTRIBUTION, ETC.
Place of publication, distribution, etc. London
Name of publisher, distributor, etc. Chartered Institute of Personnel and Development
Date of publication, distribution, etc. 2011
300 ## - PHYSICAL DESCRIPTION
Extent xi. 318p.
Other physical details ill. col.
Dimensions 24.5 cm x 19 cm
500 ## - GENERAL NOTE
General note Includes Index
650 ## - SUBJECT ADDED ENTRY--TOPICAL TERM
Source of heading or term Human Resource Management
942 ## - ADDED ENTRY ELEMENTS (KOHA)
Source of classification or shelving scheme Library of Congress Classification
Koha item type Books
Suppress in OPAC No
999 ## -
-- 2696
-- 2696
Holdings
Withdrawn status Lost status Source of classification or shelving scheme Damaged status Not for loan Collection Home library Current library Shelving location Date acquired Total checkouts Full call number Barcode Date last seen Copy number Price effective from Koha item type
    Library of Congress Classification     Non-fiction Business Library (Miotso) Business Library (Miotso) General stacks 01/20/2025   HF5549 .T21 TAY BSSM00000463 01/20/2025 1 01/20/2025 Books
    Library of Congress Classification     Non-fiction Business Library (Miotso) Business Library (Miotso) General stacks 01/20/2025   HF5549 .T21 TAY BSSM00000464 01/20/2025 2 01/20/2025 Books
    Library of Congress Classification       Graduate Library (Christ Temple) Graduate Library (Christ Temple) General stacks 02/14/2026   HF 5549.T21 TAY gsct00002480 02/14/2026   02/14/2026 Books
© 2023-2024 Copyright: Central University Libraries. All Rights Reserved | Created by: Mahone Tech Office